[Event "EU-ch blitz"]
[Site "Tallinn"]
[Date "2019.12.07"]
[Round "15"]
[White "Volodin, Aleksandr"]
[Black "Kunitson, Nikolai"]
[Result "1/2-1/2"]
[WhiteElo "2401"]
[BlackElo "2241"]
[PlyCount "121"]
[EventDate "2019.12.07"]
[EventType "swiss (blitz)"]
[EventRounds "22"]
[EventCountry "EST"]
[SourceTitle "CBM 193 Extra"]
[Source "ChessBase"]
[SourceDate "2020.01.31"]
[SourceVersion "1"]
[SourceVersionDate "2020.01.31"]
[SourceQuality "1"]

1. d4 d6 2. Nf3 g6 3. g3 Bg7 4. Bg2 Nf6 5. 0-0 0-0 6. c4 c6 7. Nc3 Qc7 8. Qc2 e5 9. dxe5 dxe5 10. e4 a5 11. h3 Na6 12. Be3 Be6 13. a3 Bxc4 14. Rfc1 Rfd8 15. Ne1 Be6 16. Na4 Nd7 17. Nd3 Rac8 18. b4 axb4 19. axb4 b5 20. Nac5 Naxc5 21. Nxc5 Nxc5 22. Bxc5 Ra8 23. Kh2 Bc4 24. Bf1 Bxf1 25. Rxf1 Bf8 26. Bxf8 Rxf8 27. Qc5 Rfd8 28. Rxa8 Rxa8 29. Rd1 Re8 30. Kg2 Kg7 31. h4 h5 32. Rd6 Re6 33. Rd3 Qe7 34. Qxe7 Rxe7 35. Rc3 Re6 36. Kf3 Kf6 37. Ke3 Rd6 38. f4 Ke6 39. fxe5 Kxe5 40. Rc5+ Ke6 41. Kf4 f6 42. g4 hxg4 43. Kxg4 Kd7 44. h5 gxh5+ 45. Rxh5 Rd4 46. Kf5 Rxb4 47. Rh7+ Kd6 48. Rf7 Rb1 49. Rxf6+ Kd7 50. Rf7+ Kd8 51. Rb7 b4 52. e5 c5 53. e6 c4 54. e7+ Ke8 55. Ke6 Re1+ 56. Kd6 b3 57. Rb4 c3 58. Rb8+ Kf7 59. Rxb3 c2 60. Rf3+ Kg7 61. Rc3 1/2-1/2

[Event "PRO League Stage"]
[Site "Chess.com INT"]
[Date "2018.02.03"]
[Round "4"]
[White "Kunitson, Nikolai"]
[Black "Thorfinnsson, Bjorn"]
[Result "0-1"]
[WhiteElo "2053"]
[BlackElo "2400"]
[PlyCount "120"]
[EventDate "2018.01.18"]
[EventType "team-swiss (rapid)"]
[EventRounds "9"]
[EventCountry "USA"]
[SourceTitle "CBM 182 Extra"]
[Source "ChessBase"]
[SourceDate "2018.02.23"]
[SourceVersion "1"]
[SourceVersionDate "2018.02.23"]
[SourceQuality "1"]
[WhiteTeam "Estonia Horses"]
[BlackTeam "Reykjavik Puffins"]
[WhiteTeamCountry "EST"]
[BlackTeamCountry "ISL"]

1. e4 e5 2. Nf3 Nc6 3. Bb5 Nge7 4. 0-0 d6 5. Re1 Bd7 6. c3 Ng6 7. d4 Be7 8. Bf1 0-0 9. d5 Nb8 10. c4 f5 11. exf5 Bxf5 12. Nc3 Nd7 13. Nd2 Bg5 14. Nde4 Bxc1 15. Rxc1 a5 16. Qd2 Nf4 17. Re3 Nf6 18. b3 Bxe4 19. Nxe4 Nxe4 20. Rxe4 Qg5 21. Kh1 Rf6 22. g3 Nh3 23. Qxg5 Nxg5 24. Re2 Raf8 25. Kg2 Nf3 26. c5 Nd4 27. Rd2 g5 28. cxd6 cxd6 29. Rc7 R6f7 30. Rc3 g4 31. a3 Rf3 32. Rxf3 Rxf3 33. b4 a4 34. Bd3 Rf8 35. h3 h5 36. Bg6 Nf3 37. Rd1 Nd4 38. Bxh5 gxh3+ 39. Kxh3 Rxf2 40. Rc1 b5 41. Rc7 Ra2 42. Kg4 Rxa3 43. Rd7 Rb3 44. Rxd6 Rxg3+ 45. Kxg3 Nf5+ 46. Kf2 Nxd6 47. Bd1 Kf7 48. Ke3 Kf6 49. Kd3 Kf5 50. Bc2 Kf4 51. Ke2 e4 52. Bb1 Ke5 53. Ba2 Kd4 54. Kd2 e3+ 55. Ke2 Ne4 56. Kf3 Kd3 57. Bb1+ Kd2 58. Bxe4 e2 59. d6 e1Q 60. d7 Qe3+ 0-1

[Event "Tartu U26 26th"]
[Site "Tartu"]
[Date "2010.??.??"]
[Round "9"]
[White "Haitin, Ilja"]
[Black "Kunitson, Nikolai"]
[Result "1-0"]
[WhiteElo "2225"]
[BlackElo "2041"]
[PlyCount "111"]
[EventDate "2010.05.21"]
[EventType "swiss (rapid)"]
[EventRounds "9"]
[EventCountry "EST"]
[SourceTitle "EXT 2011"]
[Source "ChessBase"]
[SourceDate "2010.11.26"]
[SourceVersion "1"]
[SourceVersionDate "2010.11.26"]
[SourceQuality "1"]

1. d4 d5 2. c4 c6 3. Nf3 Nf6 4. e3 a6 5. b3 Bg4 6. Nbd2 Nbd7 7. Bb2 e6 8. Bd3 Bd6 9. Qc2 Bh5 10. Ne5 Bg6 11. Nxg6 hxg6 12. Nf3 Rc8 13. 0-0 0-0 14. Qe2 Qe7 15. Ne5 c5 16. f4 cxd4 17. exd4 dxc4 18. bxc4 Ba3 19. Bxa3 Qxa3 20. Nxg6 fxg6 21. Qxe6+ Rf7 22. Bxg6 Qe7 23. Bxf7+ Qxf7 24. Qxf7+ Kxf7 25. Rac1 b6 26. Rfe1 Ne8 27. Re3 Nd6 28. Ra3 a5 29. c5 Nb5 30. Rd3 Rc6 31. Rb1 Nc7 32. cxb6 Nxb6 33. Kf2 Rc2+ 34. Kf3 Ncd5 35. a3 a4 36. h4 Kf6 37. g4 g6 38. Rb5 Rh2 39. Kg3 Re2 40. Rc5 Kf7 41. Rc6 Rb2 42. h5 gxh5 43. g5 Rb3 44. Rf3 Nd7 45. Rd6 N7b6 46. f5 Ke7 47. Rh6 Nc4 48. f6+ Kf8 49. Rxh5 Nd2 50. Rh8+ Kf7 51. Rh7+ Kf8 52. Rxb3 axb3 53. Rb7 Nc4 54. Rxb3 Kf7 55. Rb7+ Ke6 56. f7 1-0

[Event "Tartu U26 26th"]
[Site "Tartu"]
[Date "2010.??.??"]
[Round "3"]
[White "Pileckis, Emilis"]
[Black "Kunitson, Nikolai"]
[Result "1-0"]
[WhiteElo "2438"]
[BlackElo "2041"]
[PlyCount "59"]
[EventDate "2010.05.21"]
[EventType "swiss (rapid)"]
[EventRounds "9"]
[EventCountry "EST"]
[SourceTitle "EXT 2011"]
[Source "ChessBase"]
[SourceDate "2010.11.26"]
[SourceVersion "1"]
[SourceVersionDate "2010.11.26"]
[SourceQuality "1"]

1. Nf3 Nf6 2. c4 c6 3. Nc3 d5 4. d4 dxc4 5. a4 Bf5 6. Ne5 Nbd7 7. Nxc4 Nb6 8. Ne5 a5 9. f3 Bg6 10. e4 e6 11. Be3 Bb4 12. h4 Nbd7 13. g4 h6 14. Nxg6 fxg6 15. Qc2 e5 16. 0-0-0 Qe7 17. Bh3 exd4 18. Bxd4 Bc5 19. g5 Bxd4 20. gxf6 Be3+ 21. Kb1 Nxf6 22. e5 Qxe5 23. Qxg6+ Kf8 24. Rhe1 Re8 25. Bd7 Re7 26. Bh3 h5 27. Rd8+ Ne8 28. Bd7 Rh6 29. Bxe8 Qc7 30. Ra8 1-0

[Event "EST-ch U20"]
[Site "Johvi"]
[Date "2009.02.??"]
[Round "2"]
[White "Volodin, Aleksandr"]
[Black "Kunitson, Nikolai"]
[Result "1-0"]
[WhiteElo "2401"]
[BlackElo "2065"]
[PlyCount "123"]
[EventDate "2009.02.04"]
[EventType "tourn"]
[EventRounds "9"]
[EventCountry "EST"]
[SourceTitle "EXT 2018"]
[Source "ChessBase"]
[SourceDate "2017.10.13"]
[SourceVersion "1"]
[SourceVersionDate "2017.10.13"]
[SourceQuality "1"]

1. d4 d5 2. c4 c6 3. Nf3 Nf6 4. Nc3 e6 5. e3 Nbd7 6. Qc2 Bb4 7. Bd3 0-0 8. 0-0 b6 9. Bd2 c5 10. a3 Bxc3 11. Bxc3 dxc4 12. Bxc4 Bb7 13. Rad1 Qe7 14. b4 Nd5 15. Bxd5 Bxd5 16. e4 Bc4 17. Rfe1 cxd4 18. Nxd4 Nf6 19. Re3 Rac8 20. Rg3 Rfd8 21. Re1 Nh5 22. Rf3 Qg5 23. Qb2 b5 24. h3 Rd7 25. Rfe3 f6 26. Kh2 e5 27. Nf3 Qh6 28. Bd2 Nf4 29. Rc3 Rcd8 30. Be3 Be6 31. Qc1 Bc4 32. a4 a6 33. Rxc4 bxc4 34. Qxc4+ Kh8 35. Qxa6 Qg6 36. Bxf4 exf4 37. e5 fxe5 38. Qxg6 hxg6 39. Nxe5 Rb7 40. Nc6 Ra8 41. a5 Ra6 42. Re8+ Kh7 43. Rc8 g5 44. Kg1 Rxc6 45. Rxc6 Rxb4 46. a6 Rb1+ 47. Kh2 Ra1 48. f3 Ra2 49. Kg1 g6 50. Rc7+ Kh6 51. a7 g4 52. hxg4 Kg5 53. Rh7 Kf6 54. Kf1 Ke5 55. Rf7 Ra1+ 56. Ke2 Ra2+ 57. Kd3 Ke6 58. Rg7 Kf6 59. Rh7 Ra3+ 60. Kc4 Ke6 61. Kc5 Ra1 62. Kc6 1-0

[Event "Keres Memorial qual"]
[Site "Tallinn"]
[Date "2009.01.09"]
[Round "2"]
[White "Kunitson, Nikolai"]
[Black "Paehtz, Elisabeth"]
[Result "1-0"]
[WhiteElo "2065"]
[BlackElo "2455"]
[PlyCount "67"]
[EventDate "2009.01.09"]
[EventType "swiss (rapid)"]
[EventRounds "7"]
[EventCountry "EST"]
[SourceTitle "CBM 128 Extra"]
[Source "ChessBase"]
[SourceDate "2009.03.05"]
[SourceVersion "2"]
[SourceVersionDate "2009.03.25"]
[SourceQuality "1"]

1. e4 e6 2. d4 d5 3. e5 c5 4. c3 Nc6 5. Nf3 Qb6 6. a3 Nh6 7. b4 cxd4 8. cxd4 Nf5 9. Bb2 Bd7 10. g4 Nfe7 11. h3 Rc8 12. Nc3 Na5 13. Na4 Bxa4 14. Qxa4+ Nac6 15. Rc1 a6 16. Rc2 g6 17. Bd3 Bg7 18. 0-0 0-0 19. g5 Na7 20. Rfc1 Rxc2 21. Rxc2 Nec6 22. Kg2 Rd8 23. Rc5 Bf8 24. Rc1 Nb5 25. Bxb5 axb5 26. Qb3 Ne7 27. Qd3 Nf5 28. Qc3 Be7 29. Qc7 Qa7 30. Rc6 Kg7 31. Rb6 Rd7 32. Qxd7 Qxb6 33. Qc8 Qa6 34. Qc2 1-0

[Event "Hiiumaa Summer op"]
[Site "Kardla"]
[Date "2009.??.??"]
[Round "6"]
[White "Annenkov, Kirill"]
[Black "Kunitson, Nikolai"]
[Result "0-1"]
[WhiteElo "2260"]
[BlackElo "2105"]
[PlyCount "86"]
[EventDate "2009.07.10"]
[EventType "swiss"]
[EventRounds "7"]
[EventCountry "EST"]
[SourceTitle "EXT 2018"]
[Source "ChessBase"]
[SourceDate "2017.10.13"]
[SourceVersion "1"]
[SourceVersionDate "2017.10.13"]
[SourceQuality "1"]

1. d4 d5 2. c4 c6 3. Nf3 Nf6 4. e3 a6 5. Qc2 b5 6. b3 Bg4 7. Ne5 Bh5 8. a4 bxc4 9. bxc4 Bg6 10. Nxg6 hxg6 11. Bd3 Nbd7 12. 0-0 e6 13. f4 Bb4 14. Qe2 a5 15. c5 Qc7 16. Nd2 e5 17. Rb1 e4 18. Bc2 g5 19. g3 gxf4 20. Rxf4 Nf8 21. Nf1 Ne6 22. Rf5 Ke7 23. Bd2 Bxd2 24. Nxd2 Rab8 25. Rff1 Ng5 26. Rf5 Rxb1+ 27. Bxb1 Ne6 28. Bc2 Rb8 29. g4 Rb2 30. Nf1 Nxg4 31. Qxg4 Rxc2 32. Qh4+ f6 33. Ng3 Kd7 34. Qh5 Ng5 35. Rxg5 fxg5 36. Nf5 g6 37. Qh7+ Kc8 38. Nd6+ Kb8 39. Qxg6 Ka7 40. Qe8 Rb2 41. Qe5 Qd7 42. Qxg5 Qh3 43. Nb5+ Ka6 0-1

[Event "Hiiumaa Summer op"]
[Site "Kardla"]
[Date "2009.??.??"]
[Round "7"]
[White "Kunitson, Nikolai"]
[Black "Kulaots, Kaido"]
[Result "0-1"]
[WhiteElo "2105"]
[BlackElo "2570"]
[PlyCount "28"]
[EventDate "2009.07.10"]
[EventType "swiss"]
[EventRounds "7"]
[EventCountry "EST"]
[SourceTitle "EXT 2018"]
[Source "ChessBase"]
[SourceDate "2017.10.13"]
[SourceVersion "1"]
[SourceVersionDate "2017.10.13"]
[SourceQuality "1"]

1. e4 c5 2. Nf3 e6 3. d4 cxd4 4. Nxd4 a6 5. c4 Nf6 6. Nc3 Bb4 7. Qd3 d6 8. Be2 0-0 9. 0-0 Nbd7 10. f3 Ne5 11. Qc2 Bd7 12. Qb3 Bc5 13. Be3 Nc6 14. Nc2 Na5 0-1

[Event "EST-ch U20"]
[Site "Narva"]
[Date "2008.06.29"]
[Round "4"]
[White "Kunitson, Nikolai"]
[Black "Jezov, Roman"]
[Result "1/2-1/2"]
[WhiteElo "2091"]
[BlackElo "2129"]
[PlyCount "51"]
[EventDate "2008.06.26"]
[EventType "tourn"]
[EventRounds "7"]
[EventCountry "EST"]
[SourceTitle "EXT 2018"]
[Source "ChessBase"]
[SourceDate "2017.10.13"]
[SourceVersion "1"]
[SourceVersionDate "2017.10.13"]
[SourceQuality "1"]

1. e4 e5 2. Nf3 Nc6 3. Bb5 a6 4. Ba4 d6 5. 0-0 Bg4 6. c3 Qf6 7. d3 Bxf3 8. Qxf3 Qxf3 9. gxf3 Nge7 10. f4 0-0-0 11. fxe5 dxe5 12. Bc2 g5 13. Nd2 Bg7 14. Nc4 h6 15. Ne3 Rhf8 16. Re1 f5 17. exf5 Nxf5 18. Nxf5 Rxf5 19. Be3 Rff8 20. Rad1 b6 21. Bc1 Kb8 22. Re4 Rd6 23. Rd2 Nd8 24. Rde2 c5 25. b4 Ne6 26. Be3 1/2-1/2

[Event "EST-chT 23th"]
[Site "Tallinn"]
[Date "2008.??.??"]
[Round "6"]
[White "Kunitson, Nikolai"]
[Black "Sarapik, Kristjan"]
[Result "0-1"]
[WhiteElo "2091"]
[BlackElo "2029"]
[PlyCount "54"]
[EventDate "2008.05.08"]
[EventType "team-tourn"]
[EventRounds "7"]
[EventCountry "EST"]
[SourceTitle "EXT 2016"]
[Source "ChessBase"]
[SourceDate "2015.10.08"]
[SourceVersion "1"]
[SourceVersionDate "2015.10.08"]
[SourceQuality "1"]

1. e4 e5 2. Nf3 Nc6 3. Bb5 a6 4. Ba4 Nf6 5. 0-0 Be7 6. Re1 b5 7. Bb3 0-0 8. c3 d6 9. h3 Nb8 10. d4 Nbd7 11. Nbd2 Bb7 12. Bc2 Re8 13. Nf1 Bf8 14. Ng3 g6 15. Bg5 h6 16. Bd2 c5 17. d5 c4 18. Nh2 Bg7 19. Ng4 Nxg4 20. hxg4 Qh4 21. Nf1 Nc5 22. Re3 Bc8 23. Rh3 Qxg4 24. f3 Qd7 25. Bxh6 Qa7 26. Rh2 Bxh6 27. Rxh6 Kg7 0-1

[Event "EST-ch"]
[Site "Tallinn"]
[Date "2007.01.27"]
[Round "9"]
[White "Sepp, Olav"]
[Black "Kunitson, Nikolai"]
[Result "1-0"]
[WhiteElo "2458"]
[BlackElo "2104"]
[PlyCount "57"]
[EventDate "2007.01.20"]
[EventType "tourn"]
[EventRounds "9"]
[EventCountry "EST"]
[EventCategory "5"]
[SourceTitle "CBM 116 Extra"]
[Source "ChessBase"]
[SourceDate "2007.03.07"]
[SourceVersion "1"]
[SourceVersionDate "2007.03.07"]
[SourceQuality "1"]

1. Nf3 Nf6 2. g3 g6 3. Bg2 Bg7 4. 0-0 0-0 5. d3 d6 6. e4 c5 7. Nc3 Nc6 8. h3 Rb8 9. a4 a6 10. Be3 b5 11. axb5 axb5 12. e5 Ne8 13. exd6 exd6 14. d4 d5 15. dxc5 d4 16. Bg5 Bf6 17. Bxf6 Nxf6 18. Ne2 Ne4 19. Nd2 Nxd2 20. Qxd2 Bb7 21. Rad1 Qe7 22. b4 Nxb4 23. Bxb7 Rxb7 24. Nxd4 Qxc5 25. Nb3 Qxc2 26. Qxb4 h5 27. Nc5 Rc7 28. Rc1 Qf5 29. Ne6 1-0

[Event "EST-ch"]
[Site "Tallinn"]
[Date "2007.01.25"]
[Round "7"]
[White "Lauk, Ular"]
[Black "Kunitson, Nikolai"]
[Result "1-0"]
[WhiteElo "2367"]
[BlackElo "2104"]
[PlyCount "45"]
[EventDate "2007.01.20"]
[EventType "tourn"]
[EventRounds "9"]
[EventCountry "EST"]
[EventCategory "5"]
[SourceTitle "CBM 116 Extra"]
[Source "ChessBase"]
[SourceDate "2007.03.07"]
[SourceVersion "1"]
[SourceVersionDate "2007.03.07"]
[SourceQuality "1"]

1. e4 e6 2. d4 d5 3. Nd2 Be7 4. Bd3 c5 5. dxc5 Nf6 6. Qe2 0-0 7. Ngf3 a5 8. 0-0 Na6 9. e5 Nd7 10. c4 Ndxc5 11. Bb1 Nb4 12. Rd1 b6 13. Nd4 Bb7 14. N2f3 Qc8 15. Ng5 h6 16. Qh5 dxc4 17. Nh7 Be4 18. Bxh6 Bxb1 19. Rdxb1 Kxh7 20. Bg5+ Kg8 21. Bxe7 Re8 22. Bf6 Nd7 23. Qg5 1-0

[Event "EST-ch U20"]
[Site "Narva"]
[Date "2006.08.20"]
[Round "9"]
[White "Kalinichev, Andrey"]
[Black "Kunitson, Nikolai"]
[Result "1/2-1/2"]
[WhiteElo "2372"]
[BlackElo "2074"]
[PlyCount "83"]
[EventDate "2006.08.15"]
[EventType "tourn"]
[EventRounds "9"]
[EventCountry "EST"]
[EventCategory "2"]
[SourceTitle "CBM 113 Extra"]
[Source "ChessBase"]
[SourceDate "2006.09.14"]
[SourceVersion "1"]
[SourceVersionDate "2006.09.14"]
[SourceQuality "1"]

1. d4 d5 2. Bg5 h6 3. Bh4 c6 4. e3 Qb6 5. Qc1 Bf5 6. Nf3 Nd7 7. c4 e6 8. Nc3 Be7 9. Bg3 Ngf6 10. c5 Qd8 11. h3 a5 12. Be2 0-0 13. 0-0 b6 14. cxb6 Qxb6 15. Na4 Qb7 16. Ne5 Nxe5 17. Bxe5 Nd7 18. Bg3 c5 19. Nxc5 Nxc5 20. dxc5 Rfc8 21. Qd2 Rxc5 22. Rfc1 Rac8 23. Rxc5 Rxc5 24. Rc1 Qc8 25. Rxc5 Qxc5 26. Be5 Qc2 27. Qxc2 Bxc2 28. Bc3 a4 29. a3 f6 30. Kf1 Bd6 31. Ke1 Kf7 32. Kd2 Bb3 33. Bd1 Bxd1 34. Kxd1 h5 35. Kc2 Ke8 36. b3 axb3+ 37. Kxb3 Kd7 38. Bb4 Bc7 39. Kc3 Kc6 40. Kd3 f5 41. f3 e5 42. g4 1/2-1/2